000 00281nam a2200121Ia 4500
008 190216s9999||||xx |||||||||||||| ||und||
100 _aRamsey A S
245 0 _aElementary Calculus
260 _bCambridge Uty Press
_c1962
300 _a194p
650 _aMathematics
942 _cBK
999 _c30458
_d30458